Giáo trình điền kinh : Giáo trình dành cho sinh viên đại học thể dục thể thao

Điền kinh là một trong những môn thể thao được phát triển rộng rãi. Ở Việt Nam, điền kinh còn là môn thể thao cơ bản có vị trí quan trọng trong hệ thống giáo dục thể chất và huấn luyện thể thao. Được sự chỉ đạo củ Bộ văn hóa, Thế Tha...

Fuld beskrivelse

Đã lưu trong:
Bibliografiske detaljer
Hovedforfatter: Đặng Hà Việt (chủ biên)
Andre forfattere: Nguyễn Đình Cách (Đồng chủ biên), Phạm Hoàng Tùng, Ngô Thị Thì
Format: Bog
Sprog:Vietnamese
Udgivet: TP Hồ Chí Minh Đại học quốc gia thành phố Hồ Chí Minh 2016
Fag:
Tags: Tilføj Tag
Ingen Tags, Vær først til at tagge denne postø!
Thư viện lưu trữ: Thư viện Trường Đại học Nam Cần Thơ
LEADER 01941nam a22002537a 4500
001 NCT_42323
008 180615b xxu||||| |||| 00| 0 vie d
999 |c 2031  |d 2031 
020 |a 9786047341276  |c 140000 
082 0 4 |2 23rd ed.  |a 796.0711  |b V308 
100 1 |a Đặng Hà Việt  |e chủ biên 
245 1 0 |a Giáo trình điền kinh :  |b Giáo trình dành cho sinh viên đại học thể dục thể thao  |c Đặng Hà Việt; Nguyễn Đình Cách, Phạm Hoàng Tùng, Ngô Thị Thì 
260 |a TP Hồ Chí Minh  |b Đại học quốc gia thành phố Hồ Chí Minh  |c 2016 
300 |a 299 tr.  |b hình ảnh  |c 24cm 
520 3 |a Điền kinh là một trong những môn thể thao được phát triển rộng rãi. Ở Việt Nam, điền kinh còn là môn thể thao cơ bản có vị trí quan trọng trong hệ thống giáo dục thể chất và huấn luyện thể thao. Được sự chỉ đạo củ Bộ văn hóa, Thế Thao và Du lịch và Ban Giám hiệu Trường ĐH TDTT TPHCM, Bộ môn Điền kinh đã chủ trì biên soạn cuốn Giáo trình Điền kinh này. 
653 |a Khoa học cơ bản 
700 1 |a Nguyễn Đình Cách  |e Đồng chủ biên 
700 1 |a Phạm Hoàng Tùng 
700 1 |a Ngô Thị Thì 
942 |2 ddc  |c BK 
952 |0 0  |1 0  |2 ddc  |4 0  |6 796_071100000000000_V308  |7 0  |9 10880  |a 000001  |b 000001  |d 2018-06-15  |o 796.0711 V308  |p MD.10447  |r 2018-06-15  |v 140000.00  |w 2018-06-15  |y BK 
952 |0 0  |1 0  |2 ddc  |4 0  |6 796_071100000000000_V308  |7 0  |9 10881  |a 000001  |b 000001  |d 2018-06-15  |o 796.0711 V308  |p MD.10448  |r 2018-06-15  |v 140000.00  |w 2018-06-15  |y BK 
952 |0 0  |1 0  |2 ddc  |4 0  |6 796_071100000000000_V308  |7 0  |9 10882  |a 000001  |b 000001  |d 2018-06-15  |o 796.0711 V308  |p MD.10449  |r 2018-06-15  |v 140000.00  |w 2018-06-15  |y BK 
980 |a Thư viện Trường Đại học Nam Cần Thơ